00317 a2200133 4500001000700000020001800007040001100025100002000036240005400056245004900110300000700159362000900166440000800175187307 a85-322-5692-9 cMagnum aMaria, Luzia de10aNo baú da memória revirando a histórialpor10aNo baú da memória revirando a história a310 a2006 1aFTD